000 00303nam a22001337a 4500
008 171004b xxu||||| |||| 00| 0 eng d
020 _a2900136111237
041 _aeng
080 _211 ED
_a159.9
100 _a48
101 _aPSI
245 _aEDUCATIONAL PSYCHOLOGY
_cWOOLFOLK.A
942 _2udc
_cBK
999 _c31584
_d31584